Responses for Show #6855 - Friday, June 6, 2014

Contestants

[<< previous game]

Vince Balzano, a production company associate originally from Summit, New Jersey

Kathy Haas, a museum curator from Haddonfield, New Jersey

Molly Lalonde, a pediatric nurse practitioner student from Nashville, Tennessee (whose 1-day cash winnings total $23,000)

[next game >>]

Jeopardy! Round responses

FROM SOUP TO NUTS
WHAT THEY ARE
I'M ON A BOAT!
ROMANTIC CLICHÉS
WHAT'S THE ATTRACTION?
HE'S SO MAN"LEY"
    $200 7
Campbell's

Molly
    $200 26
pickles

Kathy
    $200 1
a tugboat

Vince
    $200 6
eyes

Kathy
    $200 16
the Eiffel Tower

Vince
    $200 21
Bob Marley

Molly
    $400 8
(Vince: What are bread crumbs?)

matzo balls

KathyVince
    $400 27
diseases

Kathy
    $400 2
a barge

Vince
    $400 12
part

Vince
    $400 17
Niagara Falls

Molly
    $400 22
David E. Kelley

Vince
    $600 9
(Kathy: What are almonds?)

Brazil nuts

MollyKathy
    $600 28
(Molly: What are gems?)

colors

MollyKathy
    $600 3
a junk

Molly
    $600 13
(Molly: What is magic?)
(Kathy: What is a coincidence?)

love at first sight

MollyKathy
Triple Stumper
    $600 18
the Eye

Molly
    $600 23
Brad Paisley

Vince
    $800 10
pecans

Kathy
    $800 29
watches

Molly
    $800 4
a gondola

Vince
    $800 14
(Kathy: What are garters?)
(Molly: What are handkerchiefs?)
(Vince: What are tokens?)

hearts

MollyKathyVince
Triple Stumper
    $800 19
Mount Kilimanjaro

Kathy
    $800 24
Chris Farley

Vince
    $1000 11
(Vince: What are chestnuts?)

walnuts

MollyVince
    $1000 30
holidays

Kathy
    $1000 5
a sloop

Triple Stumper
    $1,000 15
wind

Vince
    $1000 20
Chichen Itza

Triple Stumper
    $1000 25
(Don) Henley

Kathy

Scores at the first commercial break (after clue 15):

Molly Kathy Vince
$1,000 -$600 $600

Scores at the end of the Jeopardy! Round:

Molly Kathy Vince
$2,400 $3,400 $2,600

Double Jeopardy! Round responses

NUMBERS FOR BOOKIES
SCIENCE STUFF
POP MUSIC
THE UNCIVIL WARS
POLITICAL TERMS
"MN" AT WORK
    $400 22
80

Vince
    $400 5
photosynthesis

Vince
    $400 1
Lenny Kravitz

Molly
    $400 11
Iraq

Kathy
    $400 17
the beltway

Kathy
    $400 12
insomnia

Kathy
    $800 23
Seven

Kathy
    $800 6
mimicry

Molly
    $800 2
(Molly: What is Korea?)

Japan

Molly
Triple Stumper
    $800 27
the Alamo

Kathy
    $800 18
the Tories

Kathy
    $800 13
gymnasium

Kathy
    $1200 24
Zero

Molly
    $1200 8
polar

Molly
    $1200 3
Gotye

Molly
    $1200 28
(Kathy: Who are the Huns?)

the Mongols

KathyVince
    $3,000 19
a "favorite son"

Kathy
    $1200 14
solemn

Molly
    $1600 25
12

Vince
    $1600 9
(Molly: What are stalactites?)

stalagmites

MollyVince
    $1600 4
Jealousy

Kathy
    $1600 29
the SS

Vince
    $1600 20
(Kathy: What is a silo?)

the hopper

Kathy
Triple Stumper
    $1600 15
amnesia

Molly
    $2000 26
(Vince: What is 77?)
...
(Alex: You were off by 7; it's [*].)

84

Vince
Triple Stumper
    $2000 10
sublimation

Molly
    $2000 7
Fall Out Boy

Molly
    $3,000 30
the Punic Wars

Vince
    $2000 21
a Mugwump

Molly
    $2000 16
a remnant

Kathy

Scores at the end of the Double Jeopardy! Round:

Molly Kathy Vince
$13,600 $11,600 $10,400

[wagering suggestions for these scores]

Final Jeopardy! Round responses

20th CENTURY AMERICANS
(Alex: [To Vince] It looks like a Social Security card, is that what you were going for?)
...
(Alex: [To Kathy] ...a income tax return, it looks like?)
(Kathy: That's what I was going for, but it was 1913, so...)
...
(Alex: Glenn Curtiss was an early aviation pioneer; he got the [*] No. 1; if you're interested, the Wright Brothers got 4 and 5.)
VinceWhat is a draft card? SSC card
$8,000
KathyWhat is a social security card income tax rel
$9,200
MollyWhat is the Verseille treaty?
$10,000
a pilot's license

Final scores:

Molly Kathy Vince
$3,600 $2,400 $2,400
2-day champion: $26,600 2nd place: $2,000 3rd place: $1,000

Game dynamics:

Coryat scores:

Molly Kathy Vince
$13,600 $9,800 $9,400
18 R,
5 W
19 R
(including 1 DD),
5 W
16 R
(including 2 DDs),
4 W

Combined Coryat: $32,800

[game clues] [game scores] [suggest correction]

Game tape date: 2014-02-12
The J! Archive is created by fans, for fans. Scraping, republication, monetization, and malicious use prohibited; this site may use cookies and collect identifying information. See terms. The Jeopardy! game show and all elements thereof, including but not limited to copyright and trademark thereto, are the property of Jeopardy Productions, Inc. and are protected under law. This website is not affiliated with, sponsored by, or operated by Jeopardy Productions, Inc. Join the discussion at JBoard.tv.